Paroles - Cœur maladroit, Marine - Statistiques

Statistiques générales
  • Ce quiz a été pris 57 fois
  • Le résultat moyen est 215 sur 266
Statistiques - réponses
Paroles % Correct
coeur
100%
J'ai
100%
j'ai
100%
ma
100%
maladroit
100%
pas
100%
le
98%
la
95%
à
93%
Et
93%
et
93%
ça
90%
Ça
90%
me
90%
Moi
90%
moi
90%
pour
90%
te
90%
toi
90%
amour
88%
des
88%
Des
88%
je
88%
Je
88%
les
88%
mon
88%
Mon
88%
dans
85%
Dans
85%
ne
85%
Que
85%
que
85%
d'emploi
83%
Il
83%
karma
83%
mode
83%
qui
83%
si
80%
tout
80%
m'en
78%
plaît
78%
s'il
78%
tête
78%
veux
78%
viendra
78%
bat
75%
quand
75%
réunir
75%
va
75%
vite
75%
bras
73%
connais
73%
en
73%
En
73%
paraît
73%
qu'on
73%
sur
73%
dise
70%
suite
70%
trop
68%
bonnes
65%
c'est
65%
deux
65%
d'questions
65%
J'aimerais
65%
j'aimerais
65%
Sans
65%
sans
65%
stops
65%
tu
65%
un
65%
avoir
63%
grillé
63%
surprises
63%
avenir
60%
danser
60%
Mais
60%
trouvé
60%
côté
58%
horoscope
58%
jamais
58%
parce
58%
pense
58%
savoir
58%
cachette
55%
commence
55%
durer
55%
existe
55%
m'enveloppent
55%
m'poser
55%
piste
55%
recommencer
55%
zone
55%
abîme
53%
cable
53%
danger
53%
innondable
53%
j'pète
53%
m'envelopper
53%
Sauf
53%
table
53%
toujours
53%
insistes
50%
t'emmènerai
50%
fleurs
48%
J'passe
48%
J'suis
48%
Merci
48%
raisonnable
48%
S'aimer
48%
tease
48%
laissées
45%
plutôt
45%
cherches
43%
pourrait
43%
connaît
40%
n'est
40%
Aucun quiz correspondant
Distribution des résultats
% des personnes avec chaque résultat
Percentile par nombre de réponses
Votre historique - résultats
Vous n’avez pas pris ce quiz